[Event "QA Final Matches 3"]
[Site "http://www.queenalice.com/game.php?id=655494"]
[Date "2009.9.20"]
[Round "-"]
[White "arsen387"]
[Black "Robin01"]
[Result "1/2-1/2"]
[WhiteElo "2029"]
[BlackElo "2097"]

1. e4 c5 2. Nf3 d6 3. d4 cxd4 4. Nxd4 Nf6 5. Nc3 a6 6. Be3 e5 7. Nf3 Be7 8. Bc4
O-O 9. Qd2 Nc6 10. h3 b5 11. Bb3 Bb7 12. a4 Na5 13. Bd5 b4 14. Ne2 Nxe4 15. Bxe4
Bxe4 16. Qxb4 Bg6 17. Bb6 Nc6 18. Bxd8 Nxb4 19. Bxe7 Nxc2+ 20. Kd2 Rfe8 21. Rac1
Rxe7 22. Rxc2 Bxc2 23. Kxc2 d5 24. Rc1 f6 25. Nd2 Rc7+ 26. Kd1 Rxc1+ 1/2-1/2

[Event "QA Final Matches 4"]
[Site "http://www.queenalice.com/game.php?id=655500"]
[Date "2009.9.20"]
[Round "-"]
[White "Robin01"]
[Black "arsen387"]
[Result "1-0"]
[WhiteElo "2084"]
[BlackElo "2013"]

1. e4 e6 2. d4 d5 3. Nd2 Be7 4. Bd3 Nc6 5. c3 dxe4 6. Bxe4 Nf6 7. Bf3 Nd5 8. Nc4
O-O 9. Ne2 Nb6 10. Nd2 Re8 11. Nf1 Bf8 12. Bf4 Nd5 13. Bg3 Nce7 14. c4 Nb6 15.
Ne3 Nf5 16. Qd3 Bb4+ 17. Kf1 Nxe3+ 18. fxe3 e5 19. a3 Bf8 20. h4 f5 21. Qb3 e4
22. Bh5 g6 23. Nf4 c6 24. Be2 c5 25. Rd1 Bd7 26. dxc5 Bxc5 27. Qc3 Na4 28. Qc1
Rc8 29. b4 Bf8 30. Qd2 Bc6 31. b5 Bxb5 32. Qxd8 Rexd8 33. Rxd8 Rxd8 34. cxb5 1-0

[Event "QA Final Matches (3)"]
[Site "http://www.queenalice.com/game.php?id=655820"]
[Date "2009.9.21"]
[Round "-"]
[White "nightw0lf"]
[Black "arsen387"]
[Result "1/2-1/2"]
[WhiteElo "1861"]
[BlackElo "1991"]

1. c4 g5 2. d4 Bg7 3. Bxg5 c5 4. Be3 Nc6 5. Nf3 Qb6 6. Qc1 d6 7. Nc3 Nxd4 8.
Bxd4 cxd4 9. Nd5 Qa5+ 10. b4 Qd8 11. Qg5 Kf8 12. Rd1 Be6 13. Nxd4 Bxd5 14. Qxd5
e6 15. Qf3 Qb6 16. Nc2 a5 17. b5 d5 18. Qa3+ Ne7 19. e3 dxc4 20. Rd7 Bf6 21.
Bxc4 Rc8 22. Qd3 Ke8 23. O-O Rxc4 24. Rxe7+ Kxe7 25. Qxc4 Rd8 26. a4 Qd6 27. Qe4
Qd5 28. Qg4 h5 29. Qg3 Rc8 30. Nd4 Rc4 31. h3 Rxa4 32. Rd1 Be5 33. Qh4+ Ke8 34.
Rc1 Rc4 35. Rb1 Qc5 36. g3 Bxd4 37. exd4 Rxd4 38. Qf6 b6 39. Qh6 a4 40. Rc1 Rc4
41. Qh8+ Ke7 42. Rd1 Qc7 43. Qxh5 Qc5 44. Qh8 Qc7 45. Qb2 Qc5 46. Qh8 Qc7 47.
Qb2 e5 48. Rd5 1/2-1/2

[Event "QA Final Matches (4)"]
[Site "http://www.queenalice.com/game.php?id=655821"]
[Date "2009.9.21"]
[Round "-"]
[White "arsen387"]
[Black "nightw0lf"]
[Result "0-1"]
[WhiteElo "2097"]
[BlackElo "1805"]

1. e4 e5 2. Nf3 Nc6 3. Bc4 Bc5 4. O-O Nf6 5. d3 O-O 6. c3 d6 7. Nbd2 a6 8. a4
Ne7 9. h3 Ng6 10. Kh1 Ba7 11. Re1 Bxf2 12. Re2 Ba7 13. Nf1 Qe8 14. Be3 Bxe3 15.
Nxe3 Nf4 16. Rf2 N6h5 17. g4 Nf6 18. Qf1 h5 19. Ng2 Nxh3 20. Rd2 hxg4 21. Nfh4
Nh5 22. Ng6 Ng3+ 0-1

[Event "AUTO-MASTER-685"]
[Site "http://www.queenalice.com/game.php?id=661087"]
[Date "2009.10.1"]
[Round "2"]
[White "rocato"]
[Black "arsen387"]
[Result "1-0"]
[WhiteElo "2141"]
[BlackElo "2030"]

1. e4 e6 2. d4 d5 3. Nc3 Nf6 4. Bg5 Bb4 5. e5 h6 6. Bh4 g5 7. Bg3 Ne4 8. Ne2 Nc6
9. a3 Bxc3+ 10. Nxc3 Nxc3 11. bxc3 Bd7 12. Qb1 b6 13. Ba6 h5 14. h4 Bc8 15. Bb5
Bd7 16. Ba6 Na5 17. Qb4 g4 18. O-O Qe7 19. f3 Bc8 20. Bd3 c5 21. Qb2 Bd7 22.
fxg4 hxg4 23. Rf4 O-O-O 24. Raf1 Rdf8 25. Rxg4 Nc4 26. Bxc4 dxc4 27. a4 Bc6 28.
Qa3 Rfg8 29. Rff4 Qf8 30. dxc5 Rxg4 31. Rxg4 Rg8 32. Rxg8 Qxg8 33. Kh2 Qg6 34.
cxb6 axb6 35. Qb4 Qxc2 36. Qf8+ Kb7 37. Qxf7+ Ka6 38. Bf2 Bd5 39. h5 Qxc3 40.
Qf4 Qd3 41. Qe3 Qxe3 42. Bxe3 c3 43. g4 c2 44. Kg3 Ka5 45. Kf4 Kxa4 46. h6 b5
47. h7 b4 48. h8=Q b3 49. Bc1 1-0

[Event "AUTO-MASTER-685"]
[Site "http://www.queenalice.com/game.php?id=661088"]
[Date "2009.10.1"]
[Round "2"]
[White "arsen387"]
[Black "rocato"]
[Result "1/2-1/2"]
[WhiteElo "2146"]
[BlackElo "2156"]

1. e4 e5 2. Nf3 Nf6 3. Nxe5 d6 4. Nf3 Nxe4 5. d4 d5 6. Bd3 Nc6 7. O-O Bd6 8. Re1
f5 9. Nc3 Be6 10. Ng5 Nxg5 11. Bxg5 Qxg5 12. Rxe6+ Kd7 13. Re1 Nxd4 14. Bc4 Qf4
15. g3 Nf3+ 16. Kh1 Qg4 17. Qxd5 Nxe1 18. Rxe1 Rae8 19. Qf7+ Kd8 20. Rxe8+ Rxe8
21. Be6 Qf3+ 22. Kg1 Qc6 23. Bd5 Qb6 24. Be6 1/2-1/2

[Event "AUTO-MASTER-685"]
[Site "http://www.queenalice.com/game.php?id=661091"]
[Date "2009.10.1"]
[Round "2"]
[White "pjhunt"]
[Black "arsen387"]
[Result "1-0"]
[WhiteElo "2464"]
[BlackElo "2107"]

1. c4 g5 2. Nc3 Bg7 3. d4 h6 4. e4 c5 5. Be3 Qa5 6. Nf3 cxd4 7. Nxd4 Nc6 8. Be2
e6 9. O-O Nge7 10. Nb3 Qd8 11. Qd2 b6 12. Nb5 d5 13. exd5 exd5 14. cxd5 Nxd5 15.
Qxd5 1-0

[Event "AUTO-MASTER-685"]
[Site "http://www.queenalice.com/game.php?id=661092"]
[Date "2009.10.1"]
[Round "2"]
[White "arsen387"]
[Black "pjhunt"]
[Result "0-1"]
[WhiteElo "2032"]
[BlackElo "2441"]

1. e4 c5 2. Nf3 d6 3. d4 cxd4 4. Nxd4 Nf6 5. Nc3 Nc6 6. Bg5 a6 7. f4 Bd7 8. Be2
Qb6 9. Nb3 Qe3 10. Qd2 Ng4 11. Bh4 g5 12. Qxe3 Nxe3 13. Kd2 Nxg2 14. Bxg5 h6 15.
Rag1 hxg5 16. Rxg2 gxf4 17. Rf2 Bh6 18. Nd5 Rc8 19. Kd1 Ne5 20. Nxf4 Ng4 21.
Bxg4 Bxg4+ 22. Ke1 Rc4 0-1

[Event "Fun with chess"]
[Site "http://www.queenalice.com/game.php?id=663133"]
[Date "2009.10.5"]
[Round "4"]
[White "arsen387"]
[Black "CarlosOlivas"]
[Result "0-1"]
[WhiteElo "2146"]
[BlackElo "2458"]

1. e4 e6 2. d4 d5 3. Nc3 Nf6 4. Bg5 dxe4 5. Nxe4 Be7 6. Bxf6 gxf6 7. Nf3 Bd7 8.
Bc4 Nc6 9. O-O Na5 10. Bb3 f5 11. Ned2 c5 12. d5 Nxb3 13. axb3 exd5 14. Ne5 Be6
15. f4 h5 16. Qf3 Qb6 17. Kh1 h4 18. c4 O-O-O 19. Qc3 h3 20. g3 Kb8 21. cxd5
Bxd5+ 22. Nef3 Bf6 23. Qc2 Rhe8 24. Nc4 Bxf3+ 25. Rxf3 Qc6 26. Rf1 Qxf3+ 27.
Rxf3 Re1+ 0-1

[Event "RP-Armenia Match Game 3"]
[Site "http://www.queenalice.com/game.php?id=668771"]
[Date "2009.10.17"]
[Round "-"]
[White "nightw0lf"]
[Black "arsen387"]
[Result "1-0"]
[WhiteElo "1855"]
[BlackElo "2053"]

1. d4 Nf6 2. Nf3 d6 3. g3 Nbd7 4. Bg2 c6 5. O-O e5 6. dxe5 dxe5 7. Bg5 Be7 8.
Nbd2 O-O 9. Nc4 Nd5 10. Bxe7 Qxe7 11. e4 N5f6 12. Qd6 Re8 13. Rfe1 Qxd6 14. Nxd6
Re6 15. Rad1 b5 16. Bh3 Re7 17. Kg2 g6 18. Nxc8 Rxc8 19. Nxe5 Rxe5 20. Bxd7 Nxd7
21. Rxd7 Kf8 22. Rxa7 Re7 23. Rxe7 Kxe7 24. Rd1 Ke6 25. f4 f6 26. Kf3 Ra8 27. a3
Rb8 28. b4 1-0

[Event "nightw0lf-2"]
[Site "http://www.queenalice.com/game.php?id=684257"]
[Date "2009.11.16"]
[Round "1"]
[White "arsen387"]
[Black "crawfb5"]
[Result "0-1"]
[WhiteElo "2106"]
[BlackElo "2246"]

1. e4 c6 2. d4 d5 3. Nc3 dxe4 4. Nxe4 Bf5 5. Ng3 Bg6 6. Nf3 Nf6 7. h4 h6 8. Bd3
Bxd3 9. Qxd3 e6 10. Bd2 Be7 11. Ne5 O-O 12. Ne4 Nbd7 13. Nxf6+ Nxf6 14. g4 Qd5
15. Rg1 Qe4+ 16. Qxe4 Nxe4 17. Be3 Bxh4 18. Ke2 Be7 19. f3 Nd6 20. g5 hxg5 21.
Rg2 Nf5 22. Bd2 Nxd4+ 23. Kf2 f6 24. Ng6 Rfe8 25. f4 Bc5 0-1

[Event "Fun with chess"]
[Site "http://www.queenalice.com/game.php?id=715538"]
[Date "2010.1.17"]
[Round "5"]
[White "gardez2005"]
[Black "arsen387"]
[Result "0-1"]
[WhiteElo "1984"]
[BlackElo "2018"]

1. d4 Nf6 2. c4 c5 3. d5 d6 4. Nc3 e5 5. e4 Be7 6. Nf3 O-O 7. h3 Nbd7 8. Be2 Ne8
9. Qc2 g6 10. Bh6 Ng7 11. O-O-O a6 12. g4 b5 13. h4 b4 14. Nb1 a5 15. h5 a4 16.
Qd2 Ba6 17. Qe3 Rb8 18. Nbd2 Rb7 19. Rdg1 Nf6 20. hxg6 fxg6 21. g5 Nfh5 22. Bxg7
Kxg7 23. Ne1 Nf4 24. Bf1 b3 25. a3 Bxg5 26. Qg3 Be7 27. Ng2 Qe8 28. Ne3 Rg8 29.
Nf5+ Kh8 30. Ne3 Bf8 31. Ng2 Rf7 32. Nf3 Be7 33. Ng5 Bxg5 34. Qxg5 Nxg2 35. Rxg2
Rf4 36. Rh4 Qf7 37. Rxf4 Qxf4+ 38. Qxf4 exf4 39. f3 Kg7 40. Kd2 Kf6 41. Rg4 Ke5
42. Kd3 h5 43. Rg5+ Kf6 44. Rg1 Bc8 45. Rh1 Kg5 46. Bh3 Bxh3 47. Rxh3 Kf6 48.
Ke2 Rh8 49. Kf2 Ke5 50. Rh1 h4 51. Rg1 h3 52. Rh1 g5 53. Rg1 h2 54. Rh1 Kd4 55.
Kg2 Kxc4 56. Rd1 h1=Q+ 57. Rxh1 Rxh1 58. Kxh1 Kd4 59. Kg2 c4 0-1

[Event "nightw0lf-2"]
[Site "http://www.queenalice.com/game.php?id=721402"]
[Date "2010.1.27"]
[Round "2"]
[White "mandar9589"]
[Black "arsen387"]
[Result "1-0"]
[WhiteElo "2152"]
[BlackElo "2024"]

1. e4 e6 2. d4 d5 3. Nd2 Be7 4. Bd3 Nc6 5. e5 Nb4 6. Be2 c5 7. Ngf3 Nh6 8. c3
Nc6 9. Nb3 Nf5 10. Nxc5 O-O 11. Bf4 Qa5 12. Nb3 Qc7 13. g4 1-0

[Event "AUTO-MASTER-827"]
[Site "http://www.queenalice.com/game.php?id=729680"]
[Date "2010.2.11"]
[Round "2"]
[White "arsen387"]
[Black "dnptrs"]
[Result "0-1"]
[WhiteElo "2033"]
[BlackElo "2202"]

1. e4 c5 2. Nf3 e6 3. d4 cxd4 4. Nxd4 Nf6 5. Nc3 Nc6 6. Nxc6 bxc6 7. e5 Nd5 8.
Ne4 f5 9. Ng3 Qc7 10. f4 Rb8 11. h4 Bb4+ 12. c3 Nxc3 13. bxc3 Bxc3+ 14. Bd2 Bxa1
15. Qxa1 Qb6 16. Bc4 Kf7 0-1

[Event "AUTO-MASTER-827"]
[Site "http://www.queenalice.com/game.php?id=729681"]
[Date "2010.2.11"]
[Round "2"]
[White "dnptrs"]
[Black "arsen387"]
[Result "0-1"]
[WhiteElo "2127"]
[BlackElo "2000"]

1. d4 Nf6 2. Nf3 c5 3. e3 b6 4. c4 g6 5. d5 Bg7 6. Nc3 O-O 7. e4 d6 8. Be2 Bg4
9. Bd2 Na6 10. O-O Nc7 11. Bg5 Bxf3 12. Bxf3 Nd7 13. Qc2 Ne5 14. Be2 Qd7 15.
Rae1 h6 16. Bh4 g5 17. Bg3 a6 18. a4 Rad8 19. h4 g4 20. h5 e6 21. Bxe5 Bxe5 22.
Bxg4 Qe7 23. Qd1 Kh8 24. Bh3 Rg8 25. Qd2 Kh7 26. Qe2 Rg7 27. f4 Bd4+ 28. Kh1
Rdg8 29. f5 Qh4 30. Nd1 Be5 0-1

[Event "AUTO-MASTER-827"]
[Site "http://www.queenalice.com/game.php?id=786599"]
[Date "2010.6.6"]
[Round "3"]
[White "edvz"]
[Black "arsen387"]
[Result "1-0"]
[WhiteElo "2231"]
[BlackElo "1986"]

1. e4 e6 2. d4 d5 3. e5 c5 4. c3 Nc6 5. Nf3 Qb6 6. Be2 Nh6 7. O-O Nf5 8. g4 Nh6
9. h3 cxd4 10. cxd4 f5 11. g5 1-0

[Event "AUTO-MASTER-827"]
[Site "http://www.queenalice.com/game.php?id=786601"]
[Date "2010.6.6"]
[Round "3"]
[White "dnptrs"]
[Black "arsen387"]
[Result "1-0"]
[WhiteElo "2136"]
[BlackElo "2009"]

1. d4 c5 2. e3 Nf6 3. Nf3 d5 4. Be2 Nc6 5. O-O Bg4 6. Nbd2 e6 7. c3 Qc7 8. Ne1
Bxe2 9. Qxe2 Bd6 10. dxc5 Bxc5 11. e4 Rd8 12. exd5 Rxd5 13. Ndf3 O-O 14. b4 Bd6
15. c4 Rh5 16. h3 Nxb4 17. Bg5 Rc8 18. Bxf6 gxf6 19. Nd4 Re5 20. Qb2 Qxc4 21.
Nef3 Rec5 22. a3 Nd3 23. Qxb7 1-0

[Event "AUTO-MASTER-827"]
[Site "http://www.queenalice.com/game.php?id=786602"]
[Date "2010.6.6"]
[Round "3"]
[White "arsen387"]
[Black "dnptrs"]
[Result "0-1"]
[WhiteElo "2021"]
[BlackElo "2127"]

1. e4 c5 2. Nf3 e6 3. d4 cxd4 4. Nxd4 Nf6 5. Nc3 d6 6. g4 Be7 7. g5 Nfd7 8. h4
Qb6 9. Nb3 a6 10. Be3 Qc7 11. Qd4 O-O 12. h5 Nc6 13. Qd2 f5 14. exf5 Nde5 0-1

[Event "nightw0lf-2"]
[Site "http://www.queenalice.com/game.php?id=793186"]
[Date "2010.6.21"]
[Round "3"]
[White "arsen387"]
[Black "TheAlchemist"]
[Result "0-1"]
[WhiteElo "1980"]
[BlackElo "2241"]

1. e4 e6 2. d4 d5 3. Nc3 Bb4 4. e5 c5 5. a3 Bxc3+ 6. bxc3 Ne7 7. Qg4 O-O 8. Bd3
f5 9. Qh4 Nbc6 10. Nf3 Qa5 11. Bd2 c4 12. Be2 Qa4 13. Bd1 Bd7 14. Ng5 h6 15. Nh3
Qb5 16. Bc1 Qa5 17. Qg3 f4 18. Bxf4 Nf5 19. Qg6 Qxc3+ 20. Bd2 Qxa1 21. Bxh6 Nxh6
22. Ng5 Rxf2 0-1

[Event "A new game "]
[Site "http://www.queenalice.com/game.php?id=817788"]
[Date "2010.8.13"]
[Round "1"]
[White "arsen387"]
[Black "brankat15"]
[Result "0-1"]
[WhiteElo "1974"]
[BlackElo "2165"]

1. e4 c5 2. Nf3 d6 3. d4 cxd4 4. Nxd4 Nf6 5. Nc3 a6 6. Be3 e5 7. Nb3 Be6 8. Qd2
Be7 9. f3 O-O 10. g4 d5 11. g5 d4 12. gxf6 Bxf6 13. O-O-O dxe3 14. Qe1 Bh4 15.
Rxd8 Bxe1 16. Rxf8+ Kxf8 17. Nd1 Bxb3 18. axb3 Bd2+ 19. Kb1 Nc6 20. c3 Ke7 21.
Kc2 Rd8 22. h4 Rd6 23. h5 b5 24. Rg1 g6 25. hxg6 hxg6 26. Bd3 Nd8 27. c4 Nc6 28.
Nc3 Nb4+ 0-1

[Event "A new game "]
[Site "http://www.queenalice.com/game.php?id=866380"]
[Date "2010.12.1"]
[Round "2"]
[White "ahmadov"]
[Black "arsen387"]
[Result "1-0"]
[WhiteElo "1938"]
[BlackElo "1966"]

1. e4 e6 2. Nf3 d5 3. exd5 exd5 4. d4 Nf6 5. Bd3 Bd6 6. O-O O-O 7. Re1 Bg4 8.
Bg5 Nbd7 9. h3 Bh5 10. Nbd2 c6 11. c4 b6 12. cxd5 cxd5 13. Bb5 Qc7 14. Rc1 Qd8
15. Bc6 Rc8 16. Bxd5 h6 17. Bxf6 Nxf6 18. Bb7 Rxc1 19. Qxc1 Bb8 20. Qc4 Qd6 21.
Ne5 Kh8 22. Bf3 Bg6 23. g3 a6 24. Qc3 b5 25. Qc5 Qe6 26. Nxg6+ 1-0

[Event "nightw0lf-2"]
[Site "http://www.queenalice.com/game.php?id=868917"]
[Date "2010.12.7"]
[Round "4"]
[White "positionalgenius"]
[Black "arsen387"]
[Result "1/2-1/2"]
[WhiteElo "1563"]
[BlackElo "1949"]

1. d4 c5 2. dxc5 Qa5+ 3. Nc3 Qxc5 4. Nf3 Nf6 5. e4 d6 6. Be3 Qc7 7. Bb5+ Bd7 8.
O-O a6 9. Bxd7+ Nbxd7 10. Nd5 Qd8 11. Nxf6+ Nxf6 12. c4 e6 13. e5 dxe5 14. Nxe5
Qa5 15. f4 Bc5 16. Qf3 O-O 17. Kh1 Bxe3 18. Qxe3 Rad8 19. a3 Qd2 1/2-1/2

[Event "A new game "]
[Site "http://www.queenalice.com/game.php?id=959062"]
[Date "2011.7.10"]
[Round "3"]
[White "arsen387"]
[Black "TheAlchemist"]
[Result "0-1"]
[WhiteElo "1935"]
[BlackElo "2053"]

1. e4 e6 2. d4 d5 3. Nd2 c5 4. Ngf3 Nc6 5. exd5 exd5 6. c3 cxd4 7. cxd4 Bd6 8.
Bd3 Nf6 9. O-O O-O 10. h3 Re8 11. Nb3 h6 12. a3 Ne4 13. Nh2 Qf6 14. f3 Ng3 15.
Rf2 Nxd4 16. Nxd4 Qxd4 17. Bxh6 Qh4 18. Bd2 Bc5 19. Be1 Bxh3 20. gxh3 Qxh3 21.
f4 Re7 22. Qg4 Rxe1+ 23. Rxe1 Bxf2+ 24. Kxf2 Qxh2+ 25. Kf3 Nh5 26. Re2 Qh1+ 27.
Rg2 Re8 28. f5 Qe1 29. Be2 Qd2 30. Qg5 Qd4 31. Bb5 Qe4+ 32. Kf2 Re5 0-1